Pepper Pictures! (Slideshow) Quiz Stats

Quiz not verified by Sporcle

Challenge
Share
Tweet
Score 0/10 Timer 05:00
0 Plays Today
% Correct
Jalapeño Peppers
89.6%
Bell Peppers
88.1%
Habañero Peppers
50.3%
Banana Peppers
33.7%
Cayenne Peppers
28%
Ghost Peppers
24.4%
Pepperoncini
22.8%
Chipotle Peppers
22.3%
Pimento Peppers
6.2%
Guajillo Peppers
5.7%

You're not logged in!

Compare scores with friends on all Sporcle quizzes.
Sign Up with Email
OR
Log In

You Might Also Like...

Show Comments

Extras

Top Quizzes Today


Score Distribution

Your Account Isn't Verified!

In order to create a playlist on Sporcle, you need to verify the email address you used during registration. Go to your Sporcle Settings to finish the process.